Lịch sử Đông Nam á hiện đại Sách tham khảo
Trình bày khái quát tình hình các nước trong khu vực sau khi lật đổ ách thống trị của chủ nghĩa thực dân, giành độc lập dân tộc, trong đó tập trung vào các khía cạnh dân tộc, tộc người và tôn giáo
Đã lưu trong:
| Príomhúdar: | |
|---|---|
| Údair Eile: | , , , |
| Formáid: | Leabhar |
| Teanga: | Vietnamese |
| Foilsithe: |
H.
Chính trị Quốc gia
2000
|
| Ábhair: | |
| Clibeanna: |
Cuir Clib Leis
Gan Chlibeanna, Bí ar an gcéad duine leis an taifead seo a chlibeáil!
|
| Thư viện lưu trữ: | Mạng thư viện Đại học Đà Nẵng |
|---|
| LEADER | 01628nam a22004218a 4500 | ||
|---|---|---|---|
| 001 | 000015595 | ||
| 003 | 11978 | ||
| 005 | 20120530140527.0 | ||
| 008 | 120530s2000 b 000 0 vieod | ||
| 020 | |c 48000đ |d 1540b | ||
| 041 | 0 | |a vie | |
| 080 | |a 9(T)72(44/46) | ||
| 082 | |a 950 |b CH-C | ||
| 084 | |a P3(57)7 |b L000ị | ||
| 100 | 1 | |a Christie, Clive J. | |
| 245 | 1 | 0 | |a Lịch sử Đông Nam á hiện đại |b Sách tham khảo |c Clive J. Christie ; Người dịch: Trần Văn Tuủ ; Hiệu đính: Lưu Đoàn Huynh |
| 260 | |a H. |b Chính trị Quốc gia |c 2000 | ||
| 300 | |a 420tr |c 22cm | ||
| 520 | |a Trình bày khái quát tình hình các nước trong khu vực sau khi lật đổ ách thống trị của chủ nghĩa thực dân, giành độc lập dân tộc, trong đó tập trung vào các khía cạnh dân tộc, tộc người và tôn giáo | ||
| 653 | |a Đông Nam á | ||
| 653 | |a Tôn giáo | ||
| 653 | |a Dân tộc | ||
| 653 | |a Sách tham khảo | ||
| 653 | |a Lịch sử hiện đại | ||
| 700 | 1 | |a Trần Văn Tuủ |e Dịch | |
| 700 | 1 | |a Đào Dục |e Dịch | |
| 700 | 1 | |a Lê Thị Hồng |e Dịch | |
| 700 | 1 | |a Lê Thu Anh |e Dịch | |
| OWN | |a LSP | ||
| AVA | |a UDN50 |b LSP |d 950 CH-C |e available |t Error 5001 Not defined in file expand_doc_bib_avail. |f 1 |g 0 |h N |i 0 |k 1 | ||
| 999 | |a From the UDN01 | ||
| AVA | |a UDN50 |b LSP |d 950 CH-C |e available |t Error 5001 Not defined in file expand_doc_bib_avail. |f 1 |g 0 |h N |i 0 |k 1 | ||
| TYP | |a Monograph | ||
| TYP | |a Printed language | ||
| 980 | |a Mạng thư viện Đại học Đà Nẵng | ||